000 00292nam a22001337a 4500
003 OSt
008 221102b |||||||| |||| 00| 0 eng d
041 _amal
082 _a923.6
_bGOP/RA
245 _aRaveendropaharam
260 _aDelhi
_bSahithya Academy
_c1962
300 _a177
942 _cBK
999 _c17569
_d17569